000 00681nam a2200289Ia 4500
005 20260324124829.0
008 008 260324s9999 xx 000 0 eng d
020 _a9781849776486
037 _aEBOOK
040 _aCRL
040 _beng
040 _cCRL
041 _2eng
041 _aeng
084 _qCRL
100 _aSally Brooks
_91175656
245 0 _aRice Biofortification
245 0 _bLessons for Global Science and Development
260 _bTaylor and Francis
260 _c2010
365 _a
365 _b230
856 _uhttp://www.taylorfrancis.com/books/9781849776486
942 _cEBOOK
999 _c1770395
_d1770395